000 00233nam a2200097Ia 4500
005 20251222114346.0
008 251222s1900||||xx |||||||||||||| ||spa||
082 _aDVD0120/L25D/2005
245 0 _aDie walkure: Richar Wagner:
942 _cDVD
999 _c1055
_d1055